000 00887nam a22002177a 4500
008 100228t xxu||||| |||| 00| 0 eng d
020 _a9781439078822
020 _a1439078823
082 _222
_a004.678
_bSCH
100 _aSchneider, Gary P.,
_b1952-
_911950
245 _aThe internet :
_b illustrated /
_cGary P. Schneider, Jessica Evans, Katherine T. Pinard.
250 _a5th ed.
_bInternational ed.
260 _aAustralia ;
_aUnited kingdom :
_bCourse Technology Cengage Learning,
_cc2009.
300 _axv, 271 p. :
_bcol. ill. ;
_c 28 cm.
440 _a( Illustrated series)
_911951
500 _aIncludes Index.
500 _aInternational ed.
650 _aInternet.
_911952
942 _2ddc
_cBB
999 _c13521
_d13521